| 000 | 00488nam a2200181Ia 4500 | ||
|---|---|---|---|
| 001 | 23266 | ||
| 005 | 20260414150926.0 | ||
| 008 | 260414t2009||||xx |||||||||||||| ||spa|| | ||
| 041 | _aESP | ||
| 082 |
_a628.1 _bA75 |
||
| 100 |
_aArnalich Castañeda, Santiago _eAUT |
||
| 245 | 0 |
_aCómo diseñar un sistema de agua por gravedad : _ba través de ejercicios aplicados |
|
| 260 | _c2009 | ||
| 300 |
_a107 páginas : _c23 cm. |
||
| 650 | _a0 | ||
| 654 | _aCIC | ||
| 942 |
_cLIB _dJUS _fJUS _2ddc _n |
||
| 999 |
_c23266 _d23266 |
||